000 00599cam a2200181 4500
001 WS121381
008 030218n 000 0 eng u
035 _a(Sirsi) u121381
245 _aBridging the Gap
520 _aWeb site sponsored by RICS and the Office of the Deputy Prime Minister designed to provide information on European state aid.
650 _aLOANS
650 _aTAX INCENTIVES
650 _aSTATE AID
650 _aREGENERATION
690 _aEUROPE
856 4 0 _uhttps://www.bridgingthegap.uk.com
_zView the website free of charge at www.bridging thegap.uk.com...
942 _n0
999 _c120233
_d120233